<?xml version="1.0" encoding="UTF-8"?>
<record
    xmlns:xsi="http://www.w3.org/2001/XMLSchema-instance"
    xsi:schemaLocation="http://www.loc.gov/MARC21/slim http://www.loc.gov/standards/marcxml/schema/MARC21slim.xsd"
    xmlns="http://www.loc.gov/MARC21/slim">

  <leader>00942nam a2200277 a 4500</leader>
  <controlfield tag="008">960514s1990||||[C               0  slo c</controlfield>
  <datafield tag="020" ind1=" " ind2=" ">
    <subfield code="a">8070930438</subfield>
    <subfield code="c">22 K&#x10D;s. </subfield>
    <subfield code="q">(10 000 v&#xFD;tl.)</subfield>
  </datafield>
  <datafield tag="040" ind1=" " ind2=" ">
    <subfield code="a">SNK</subfield>
    <subfield code="b">slo</subfield>
    <subfield code="c">SNK</subfield>
    <subfield code="e">AACR2</subfield>
  </datafield>
  <datafield tag="041" ind1="1" ind2=" ">
    <subfield code="a">slo</subfield>
  </datafield>
  <datafield tag="044" ind1=" " ind2=" ">
    <subfield code="a">xo</subfield>
    <subfield code="c">SK</subfield>
  </datafield>
  <datafield tag="080" ind1=" " ind2=" ">
    <subfield code="a">786.2.087.5</subfield>
  </datafield>
  <datafield tag="100" ind1="1" ind2=" ">
    <subfield code="a">B&#xF6;hmov&#xE1;, Z.</subfield>
    <subfield code="4">aut</subfield>
  </datafield>
  <datafield tag="245" ind1="1" ind2="0">
    <subfield code="a">Klav&#xED;rna &#x161;kola pre za&#x10D;iato&#x10D;n&#xED;kov</subfield>
    <subfield code="h">Hudobnina</subfield>
    <subfield code="c">Z. B&#xF6;hmov&#xE1;, A. Gr&#xFC;nfeldov&#xE1;, A. Sarauer ; Zdenka B&#xF6;hmov&#xE1;, Arno&#x161;tka Gr&#xFC;nfeldov&#xE1;, Alois Sarauer</subfield>
  </datafield>
  <datafield tag="250" ind1=" " ind2=" ">
    <subfield code="a">13., vyd.</subfield>
  </datafield>
  <datafield tag="260" ind1=" " ind2=" ">
    <subfield code="a">Bratislava</subfield>
    <subfield code="b">Opus [vyd.]</subfield>
    <subfield code="c">1990</subfield>
    <subfield code="e">Partiz&#xE1;nske</subfield>
    <subfield code="f">Z&#xE1;padoslovensk&#xE9; tla&#x10D;iarne</subfield>
  </datafield>
  <datafield tag="300" ind1=" " ind2=" ">
    <subfield code="a">128 s.</subfield>
    <subfield code="c">30,5x22,5 cm</subfield>
  </datafield>
  <datafield tag="500" ind1=" " ind2=" ">
    <subfield code="a">Hudobnina. Venovanie.</subfield>
  </datafield>
  <datafield tag="500" ind1=" " ind2=" ">
    <subfield code="a">Ob&#xE1;l. Vladim&#xED;r Jansk&#xFD;.</subfield>
  </datafield>
  <datafield tag="700" ind1="1" ind2=" ">
    <subfield code="a">Gr&#xFC;nfeldov&#xE1;, A.</subfield>
    <subfield code="4">aut</subfield>
  </datafield>
  <datafield tag="700" ind1="1" ind2=" ">
    <subfield code="a">Sarauer, A.</subfield>
    <subfield code="4">aut</subfield>
  </datafield>
  <datafield tag="700" ind1="1" ind2=" ">
    <subfield code="a">B&#xF6;hmov&#xE1;, Zdenka</subfield>
    <subfield code="4">aut</subfield>
  </datafield>
  <datafield tag="700" ind1="1" ind2=" ">
    <subfield code="a">Gr&#xFC;nfeldov&#xE1;, Arno&#x161;tka</subfield>
    <subfield code="4">aut</subfield>
  </datafield>
  <datafield tag="700" ind1="1" ind2=" ">
    <subfield code="a">Sarauer, Alois</subfield>
    <subfield code="4">aut</subfield>
  </datafield>
  <datafield tag="924" ind1=" " ind2=" ">
    <subfield code="a">klav&#xED;r</subfield>
  </datafield>
  <datafield tag="958" ind1=" " ind2=" ">
    <subfield code="a">H</subfield>
  </datafield>
  <datafield tag="999" ind1=" " ind2=" ">
    <subfield code="c">15243</subfield>
    <subfield code="d">15243</subfield>
  </datafield>
  <datafield tag="952" ind1=" " ind2=" ">
    <subfield code="0">0</subfield>
    <subfield code="1">0</subfield>
    <subfield code="4">0</subfield>
    <subfield code="7">0</subfield>
    <subfield code="8">K</subfield>
    <subfield code="a">10000</subfield>
    <subfield code="b">10000</subfield>
    <subfield code="d">2019-11-29</subfield>
    <subfield code="g">22.00</subfield>
    <subfield code="i">14278</subfield>
    <subfield code="o">I 0334</subfield>
    <subfield code="r">2019-11-29</subfield>
    <subfield code="w">2019-11-29</subfield>
    <subfield code="y">OLDO</subfield>
  </datafield>
</record>
